JR駅レンタカーの営業所がある駅(東日本) - Statistics

General Stats
  • This quiz has been taken 112 times
  • The average score is 71 of 94
Answer Stats
駅名 % Correct
東京
92%
青森
91%
秋田
91%
新宿
91%
仙台
90%
上野
90%
新青森
89%
八戸
89%
福島
89%
横浜
88%
盛岡
87%
山形
87%
小田原
87%
大宮
87%
郡山
85%
千葉
85%
水戸
85%
宇都宮
85%
大曲
84%
一ノ関
84%
石巻
84%
会津若松
84%
いわき
84%
北上
83%
新庄
83%
熊谷
83%
小山
83%
高崎
83%
新潟
83%
長野
83%
甲府
83%
新白河
82%
土浦
82%
熱海
82%
松本
82%
米沢
81%
日光
81%
前橋
81%
大月
81%
本庄
80%
那須塩原
80%
酒田
79%
新横浜
79%
日立
79%
長岡
79%
軽井沢
79%
塩尻
79%
伊東
78%
燕三条
78%
上田
78%
古川
76%
さくらんぼ東根
76%
鶴岡
76%
安中榛名
76%
越後湯沢
76%
飯山
76%
天童
75%
渋川
75%
田沢湖
74%
藤沢
74%
伊勢崎
74%
佐久平
74%
宮古
73%
かみのやま温泉
73%
取手
73%
小淵沢
73%
二戸
72%
木更津
72%
上毛高原
71%
上越妙高
71%
韮崎
71%
村山
70%
白石蔵王
69%
赤湯
69%
館山
69%
釜石
67%
柏崎
67%
くりこま高原
66%
いわて沼宮内
65%
茅野
64%
牛久
62%
長野原草津口
62%
高畠
61%
糸魚川
61%
石岡
60%
沼田
60%
石和温泉
58%
勝浦
57%
十日町
52%
町田
49%
茂原
42%
34%
新町
30%
木曽福島
18%
No matching quizzes found
Score Distribution
Percent of People with Each Score
Percentile by Number Answered
Your Score History
You have not taken this quiz